Курсовое проектирование по предмету " Процессы и аппараты химической промышленности ": учебное пособие

Detalhes bibliográficos
Autor principal: Кувшинский М. Н. Михаил Никанорович
Outros Autores: Соболева А. П. Анна Петровна
Idioma:russo
Publicado em: Москва, Высшая школа, 1980
Edição:2-е изд., перераб. и доп.
Assuntos:
Formato: Livro
KOHA link:https://koha.lib.tpu.ru/cgi-bin/koha/opac-detail.pl?biblionumber=55568

MARC

LEADER 00000nam0a2200000 4500
001 55568
005 20231101211543.0
035 |a (RuTPU)RU\TPU\book\58322 
090 |a 55568 
100 |a 20030917d1980 m y0rusy50 ca 
101 0 |a rus 
102 |a RU 
105 |a a j 000zy 
200 1 |a Курсовое проектирование по предмету " Процессы и аппараты химической промышленности "  |e учебное пособие  |f М. Н. Кувшинский, А. П. Соболева 
205 |a 2-е изд., перераб. и доп. 
210 |a Москва  |c Высшая школа  |d 1980 
215 |a 223 с.  |c ил. 
320 |a Библиогр.: с. 221-222. 
606 1 |a Химическая аппаратура  |x Курсовое проектирование  |2 stltpush  |3 (RuTPU)RU\TPU\subj\31161  |9 54090 
610 1 |a химическая промышленность 
610 1 |a химические процессы 
610 1 |a химические аппараты 
610 1 |a механические расчеты 
610 1 |a гидравлические расчеты 
610 1 |a учебные пособия 
675 |a 66.02.001.63(075.32)  |v 3 
700 1 |a Кувшинский  |b М. Н.  |g Михаил Никанорович 
701 1 |a Соболева  |b А. П.  |g Анна Петровна 
801 1 |a RU  |b 63413507  |c 20030917  |g PSBO 
801 2 |a RU  |b 63413507  |c 20201021  |g PSBO 
942 |c BK